| 000 | 00322nam a22001217a 4500 | ||
|---|---|---|---|
| 003 | OSt | ||
| 008 | 250221b |||||||| |||| 00| 0 eng d | ||
| 041 | _aeng | ||
| 100 |
_aICAR Research Institutes _97265 |
||
| 245 | _aAgricultural Biotechnology in ICAR Research Institutes | ||
| 260 |
_aNew Delhi: _bICAR, _c1993. |
||
| 942 | _cBK | ||
| 999 |
_c19435 _d19435 |
||